Bandeiras das Nações do Mundo - Statistics

Estatísticas Gerais
  • Esse quiz foi jogado 34 vezes
  • A pontuação média é 119 de 220
Estatísticas das Respostas
Imagem Resposta % Correto
Brasil
96%
Estados Unidos
96%
Reino Unido
91%
Canadá
87%
Uruguai
87%
Arábia Saudita
83%
Coréia do Sul
83%
França
83%
Grécia
83%
Holanda
83%
Inglaterra
83%
Itália
83%
México
83%
Portugal
83%
Alemanha
78%
Argentina
78%
Índia
78%
Japão
78%
África do Sul
74%
Camarões
74%
Chile
74%
China
74%
Espanha
74%
Israel
74%
Suíça
74%
Angola
70%
Bolívia
70%
Croácia
70%
Cuba
70%
Egito
70%
Escócia
70%
Finlândia
70%
Irã
70%
Jamaica
70%
Malta
70%
Marrocos
70%
Bélgica
65%
Catar
65%
Colômbia
65%
Gana
65%
Geórgia
65%
Hong Kong
65%
Rússia
65%
Senegal
65%
Suécia
65%
Turquia
65%
Venezuela
65%
Vietnã
65%
Albânia
61%
Austrália
61%
Bósnia e Herzegovina
61%
Butão
61%
Cazaquistão
61%
Chipre
61%
Dinamarca
61%
Eslováquia
61%
Eslovênia
61%
Granada
61%
Indonésia
61%
Irlanda
61%
Islândia
61%
Luxemburgo
61%
Maldivas
61%
Nepal
61%
Nigéria
61%
Paquistão
61%
Paraguai
61%
Polônia
61%
Porto Rico
61%
Sérvia
61%
Tunísia
61%
Bahamas
57%
Barbados
57%
Camboja
57%
Costa Rica
57%
El Salvador
57%
Haiti
57%
Hungria
57%
Líbano
57%
Macedônia do Norte
57%
Noruega
57%
Omã
57%
País de Gales
57%
Palau
57%
Panamá
57%
Papua-Nova Guiné
57%
Peru
57%
San Marino
57%
Santa Lúcia
57%
Sri Lanka
57%
Tailândia
57%
Ucrânia
57%
Uganda
57%
Vaticano
57%
Andorra
52%
Argélia
52%
Áustria
52%
Azerbaijão
52%
Bahrein
52%
Bangladesh
52%
Belarus
52%
Brunei
52%
Bulgária
52%
Cabo Verde
52%
Chade
52%
Coréia do Norte
52%
Costa do Marfim
52%
Dominica
52%
Emirados Árabes Unidos
52%
Equador
52%
Estônia
52%
Fiji
52%
Guatemala
52%
Honduras
52%
Kiribati
52%
Kosovo
52%
Laos
52%
Letônia
52%
Liechtenstein
52%
Malásia
52%
Moçambique
52%
Moldávia
52%
Mônaco
52%
Mongólia
52%
Montenegro
52%
Nicarágua
52%
Nova Zelândia
52%
Quirguistão
52%
República Dominicana
52%
República Tcheca
52%
Romênia
52%
Singapura
52%
Síria
52%
Somália
52%
Suriname
52%
Taiwan
52%
Tonga
52%
Trinidad e Tobago
52%
Afeganistão
48%
Antígua e Barbuda
48%
Armênia
48%
Belize
48%
Estados Federativos da Micronésia
48%
Filipinas
48%
Gabão
48%
Guam
48%
Guiné
48%
Iêmen
48%
Ilha de Man
48%
Ilhas Marshall
48%
Iraque
48%
Irlanda do Norte
48%
Jordânia
48%
Kuwait
48%
Lesoto
48%
Líbia
48%
Lituânia
48%
Palestina
48%
Quênia
48%
República Democrática do Congo
48%
Seychelles
48%
Suazilândia
48%
Timor-Leste
48%
Turcomenistão
48%
Uzbequistão
48%
Botsuana
43%
Burkina Faso
43%
Comores
43%
Congo
43%
Etiópia
43%
Guiana
43%
Madagascar
43%
Malawi
43%
Mali
43%
Mauritânia
43%
Myanmar
43%
Nauru
43%
Níger
43%
República Centro-Africana
43%
Samoa
43%
São Cristóvão e Névis
43%
São Tomé e Príncipe
43%
Sudão
43%
Tanzânia
43%
Togo
43%
Zâmbia
43%
Burundi
39%
Djibouti
39%
Eritreia
39%
Gâmbia
39%
Guiné-Bissau
39%
Guiné Equatorial
39%
Ilhas Faroé
39%
Ilhas Maurício
39%
Libéria
39%
Macau
39%
Namíbia
39%
Ruanda
39%
São Vicente e Granadinas
39%
Serra Leoa
39%
Sudão do Sul
39%
Vanuatu
39%
Zimbábue
39%
Gibraltar
35%
Ilhas Salomão
35%
Tadjiquistão
35%
Antártida
30%
Ilhas Cook
30%
Tuvalu
30%
Aruba
26%
Benin
26%
Curaçao
26%
Groenlândia
26%
Nova Caledônia
26%
Polinésia Francesa
26%
Samoa Americana
26%
Martinica
22%
Bermuda
17%
Ilhas Âland
17%
Niue
17%
Nenhum quiz correspondente encontrado
Distribuição das Pontuações
Porcentagem de Pessoas com Cada Pontuação
Percentil de Números Respondidos
Sua Pontuação Histórica
Você não jogou esse quiz